Drapeaux des pays et îles scandinave - Statistiques

Statistiques générales
  • Ce quiz a été pris 489 fois
  • Le résultat moyen est 7 sur 9
Statistiques - réponses
Par images Hint Réponse % Correct
Danemark
99%
Finlande
99%
Norvège
99%
Suède
99%
Islande
97%
île danoise Groenland
78%
île danoise Féroé
65%
île finlandaise Åland
44%
île suédoise Öland
8%
Aucun quiz correspondant
Distribution des résultats
% des personnes avec chaque résultat
Percentile par nombre de réponses
Votre historique - résultats
Vous n’avez pas pris ce quiz